Il tuo manuale : per conoscere, affrontare e vivere positivamente i problemi legati alla sieropositivita. Consigli per i malati e per chi li assiste.

Saved in:
Bibliografiske detaljer
Format: Bog
Sprog:italiensk
Udgivet: Milano : ASA, [1995]
Tags: Tilføj Tag
Ingen Tags, Vær først til at tagge denne postø!

MARC

LEADER 00000nam a22000007i 4500
001 IT\ICCU\RAV\0314533
003 ItRI
005 20260115232221.0
008 980506s1995 it |||||| ||||| |||||c
040 |b ita  |c importazione bologna sebina 
041 7 |a ita  |2 ISO-639-2 
245 0 3 |a Il tuo manuale :  |b per conoscere, affrontare e vivere positivamente i problemi legati alla sieropositivita. Consigli per i malati e per chi li assiste. 
260 |a Milano :  |b ASA,  |c [1995] 
300 |a 181 p. ;  |c 24 cm 
500 |a Nel front.: realizzato con la collaborazione di Commissione europea, Associazione solidarieta AIDS, Fondazione Augustus. 
942 |2 ddc  |c BK  |n 0 
952 |0 0  |1 0  |4 0  |6 A_616_979000000000000_ASA  |7 0  |9 22183  |a BO  |b BO  |d 2026-01-15  |i 4720  |l 0  |o A 616.979 ASA  |p BO4720  |r 2026-01-15 23:22:21  |w 2026-01-15  |x [Sebina 7] [1 v.]  |y BK  |z 1 v. 
999 |c 18954  |d 18954